000 00672nam a2200193 a 4500
005 20140414131919.0
008 040601s19uu xx 00 eng d
020 _a0-02-718313-0
050 _aER
_bM68 1989
100 _aChetwin, Grace
245 _aMr. Meredith and the truly remarkable stone /
_cGrace Chetwin; illustrated by Catherin Stock.
260 _aNew York :
_bCollier Macmillan,
_c1989.
300 _a1 v. (unp.) : ill. ; cm.
520 _aWhen Mr. Meredith finds a remarkable stone, he builds a series of ever grander structures in which to house it.
650 _aRocks--Fiction.
650 _aChildren stories.
999 _c111655
_d111655